[Event "NRW Class2 0607"]
[Site "Germany"]
[Date "2006.12.17"]
[Round "4.6"]
[White "Jajonek, Roland"]
[Black "Liley, Uwe"]
[Result "1-0"]
[WhiteElo "2273"]
[BlackElo "2021"]
[PlyCount "41"]
[EventDate "2006.09.17"]
[EventType "team-tourn"]
[EventRounds "9"]
[EventCountry "GER"]
[SourceTitle "EXT 2008"]
[Source "ChessBase"]
[SourceDate "2007.11.25"]
[SourceVersion "1"]
[SourceVersionDate "2007.11.25"]
[SourceQuality "1"]
[WhiteTeam "Duesseldorf"]
[BlackTeam "Hagen"]
[WhiteTeamCountry "GER"]
[BlackTeamCountry "GER"]

1. d4 g6 2. e4 Bg7 3. c4 c5 4. d5 d6 5. Bd3 Nh6 6. Ne2 0-0 7. Nbc3 Na6 8. Bg5 f6 9. Bd2 Ng4 10. Ng3 Ne5 11. Be2 Nb4 12. 0-0 f5 13. exf5 Bxf5 14. Nxf5 Rxf5 15. f4 Nd7 16. Qb3 Nb6 17. a3 Na6 18. Ne4 Nc7 19. Bg4 Qf8 20. a4 Rb8 21. Rae1 1-0

[Event "NRW Class2 0506"]
[Site "Germany"]
[Date "2005.12.04"]
[Round "4.5"]
[White "Gassmann, Volker"]
[Black "Jajonek, Roland"]
[Result "0-1"]
[WhiteElo "2226"]
[BlackElo "2258"]
[PlyCount "76"]
[EventDate "2005.09.25"]
[EventType "team"]
[EventRounds "9"]
[EventCountry "GER"]
[SourceTitle "EXT 2006"]
[Source "ChessBase"]
[SourceDate "2005.11.24"]
[SourceVersion "1"]
[SourceVersionDate "2005.11.24"]
[SourceQuality "1"]
[WhiteTeam "Katernberg II"]
[BlackTeam "Duesseldorf"]
[WhiteTeamCountry "GER"]
[BlackTeamCountry "GER"]

1. d4 Nf6 2. c4 e6 3. Nc3 Bb4 4. e3 0-0 5. Bd3 d5 6. Nf3 c6 7. 0-0 Nbd7 8. a3 Bd6 9. Re1 dxc4 10. Bxc4 e5 11. e4 exd4 12. Nxd4 Ne5 13. Be2 Nfg4 14. Bf4 Nxf2 15. Kxf2 Qf6 16. g3 g5 17. Kg2 gxf4 18. Rf1 Ng6 19. Nf5 Be5 20. Qc2 Qg5 21. g4 f3+ 22. Bxf3 Bxf5 23. exf5 Rad8 24. Ne4 Qh6 25. Kh1 Nf4 26. Rae1 Nd3 27. Re2 Kh8 28. Rg2 Qe3 29. b4 Ne1 30. Rxe1 Qxe1+ 31. Rg1 Qe3 32. Qg2 Rd3 33. Rf1 Rfd8 34. f6 Rxa3 35. g5 Ra1 36. Rxa1 Bxa1 37. Qh3 Rd1+ 38. Kg2 Rg1# 0-1

[Event "NRW Class2 0405"]
[Site "Germany"]
[Date "2005.04.03"]
[Round "8.4"]
[White "Jajonek, Roland"]
[Black "Weber, Peter"]
[Result "1-0"]
[WhiteElo "2250"]
[BlackElo "2226"]
[PlyCount "69"]
[EventDate "2004.10.10"]
[EventType "team"]
[EventRounds "9"]
[EventCountry "GER"]
[SourceTitle "EXT 2006"]
[Source "ChessBase"]
[SourceDate "2005.11.24"]
[SourceVersion "1"]
[SourceVersionDate "2005.11.24"]
[SourceQuality "1"]
[WhiteTeam "Duesseldorf"]
[BlackTeam "Monheim"]
[WhiteTeamCountry "GER"]
[BlackTeamCountry "GER"]

1. d4 Nf6 2. c4 g6 3. Nc3 d5 4. Nf3 Bg7 5. Qb3 dxc4 6. Qxc4 0-0 7. e4 Bg4 8. Be3 Bxf3 9. gxf3 e6 10. e5 Nfd7 11. Qb3 Nb6 12. a4 a5 13. Rd1 Nc6 14. h4 h5 15. Bb5 Nd5 16. Nxd5 exd5 17. f4 Ne7 18. Bd3 Qd7 19. Qc2 Kh7 20. Rg1 f5 21. b3 Rac8 22. Rc1 Qe6 23. Qc5 b6 24. Qb5 Bh6 25. Ke2 c5 26. dxc5 bxc5 27. Rxc5 Rxc5 28. Qxc5 Rc8 29. Qd6 Qf7 30. Rc1 Rxc1 31. Bxc1 Bf8 32. Bb2 Qe8 33. Bb1 Qc8 34. Kd3 d4 35. Qxd4 1-0

[Event "NRW Class2 0405"]
[Site "Germany"]
[Date "2005.02.20"]
[Round "7.4"]
[White "Nautsch, Werner"]
[Black "Jajonek, Roland"]
[Result "1-0"]
[WhiteElo "2278"]
[BlackElo "2250"]
[PlyCount "73"]
[EventDate "2004.10.10"]
[EventType "team"]
[EventRounds "9"]
[EventCountry "GER"]
[SourceTitle "EXT 2006"]
[Source "ChessBase"]
[SourceDate "2005.11.24"]
[SourceVersion "1"]
[SourceVersionDate "2005.11.24"]
[SourceQuality "1"]
[WhiteTeam "Katernberg II"]
[BlackTeam "Duesseldorf"]
[WhiteTeamCountry "GER"]
[BlackTeamCountry "GER"]

1. d4 Nf6 2. c4 e6 3. Nf3 c5 4. e3 Be7 5. Nc3 0-0 6. Bd3 d5 7. 0-0 Nc6 8. a3 b6 9. b3 Bb7 10. Bb2 Rc8 11. Rc1 dxc4 12. bxc4 Qd6 13. d5 exd5 14. cxd5 Ne5 15. e4 a6 16. Nxe5 Qxe5 17. Qe2 Rfe8 18. Nd1 Qf4 19. g3 Qc7 20. Ne3 b5 21. Nf5 Bd8 22. Qf3 c4 23. Bb1 a5 24. g4 Rf8 25. Nxg7 Kxg7 26. g5 Rg8 27. Kh1 Kf8 28. gxf6 b4 29. Bd4 Qd6 30. Rg1 Rg6 31. Rxg6 hxg6 32. Qg3 Qxg3 33. hxg3 Ba6 34. Kg2 Ke8 35. Rh1 c3 36. Bc2 Bc4 37. Ba4+ 1-0

[Event "NRW Class2 0405"]
[Site "Germany"]
[Date "2004.12.12"]
[Round "4.4"]
[White "Jajonek, Roland"]
[Black "Rieke, Theo"]
[Result "1-0"]
[WhiteElo "2250"]
[BlackElo "2233"]
[PlyCount "59"]
[EventDate "2004.10.10"]
[EventType "team"]
[EventRounds "9"]
[EventCountry "GER"]
[SourceTitle "EXT 2006"]
[Source "ChessBase"]
[SourceDate "2005.11.24"]
[SourceVersion "1"]
[SourceVersionDate "2005.11.24"]
[SourceQuality "1"]
[WhiteTeam "Duesseldorf"]
[BlackTeam "Neuenkirchen"]
[WhiteTeamCountry "GER"]
[BlackTeamCountry "GER"]

1. d4 Nf6 2. c4 g6 3. Nc3 Bg7 4. e4 d6 5. f3 0-0 6. Be3 Nc6 7. Nge2 a6 8. Qd2 Rb8 9. 0-0-0 e5 10. d5 Ne7 11. c5 c6 12. Ng3 cxd5 13. exd5 Ne8 14. Kb1 Nf5 15. Nxf5 Bxf5+ 16. Ka1 Qa5 17. g4 Bd7 18. Ne4 Qxd2 19. Rxd2 f5 20. gxf5 gxf5 21. Ng5 Rc8 22. Bc4 b5 23. c6 Bxc6 24. Bb3 Bd7 25. Ne6 Rf6 26. h4 Nc7 27. Bg5 Rg6 28. h5 Nxe6 29. dxe6 Rxe6 30. Rxd6 1-0

[Event "NRW Class2 0304"]
[Site "Germany"]
[Date "2004.01.11"]
[Round "5.5"]
[White "Tymura, Achim"]
[Black "Jajonek, Roland"]
[Result "1/2-1/2"]
[WhiteElo "2132"]
[BlackElo "2272"]
[PlyCount "98"]
[EventDate "2003.09.28"]
[EventType "team"]
[EventRounds "9"]
[EventCountry "GER"]
[SourceTitle "CBM 098 Extra"]
[Source "ChessBase"]
[SourceDate "2004.03.10"]
[SourceVersion "2"]
[SourceVersionDate "2004.03.10"]
[SourceQuality "1"]
[WhiteTeam "Hagen"]
[BlackTeam "Duesseldorf"]
[WhiteTeamCountry "GER"]
[BlackTeamCountry "GER"]

1. d4 Nf6 2. c4 e6 3. Nc3 Bb4 4. Bg5 h6 5. Bxf6 Qxf6 6. Rc1 c5 7. Nf3 d6 8. g3 Nc6 9. dxc5 dxc5 10. Bg2 0-0 11. 0-0 Rd8 12. Qc2 Bd7 13. Ne4 Qe7 14. Rfd1 Be8 15. Rxd8 Rxd8 16. Rd1 Ba5 17. a3 Rxd1+ 18. Qxd1 f5 19. Nd6 Qd7 20. Qd3 Bh5 21. Nb5 Qxd3 22. exd3 Kf8 23. Kf1 Ke7 24. Ne1 Bd2 25. Nc3 Kd6 26. Nc2 a6 27. f3 Bg5 28. Ke2 Bf6 29. Nd1 g5 30. h3 Bg6 31. g4 b5 32. cxb5 axb5 33. Nc3 b4 34. Nb5+ Kd7 35. b3 bxa3 36. Ncxa3 Nb4 37. Kd2 f4 38. Bf1 Kc6 39. Nc3 Bxc3+ 40. Kxc3 Nd5+ 41. Kd2 Ne3 42. Be2 Nd5 43. Nc4 Ne7 44. Kc3 Be8 45. Ne5+ Kd5 46. Nc4 Bb5 47. Nd2 Ke5 48. Nc4+ Kd5 49. Nd2 Ke5 1/2-1/2

[Event "NRW Class2 0304"]
[Site "Germany"]
[Date "2003.12.07"]
[Round "4.5"]
[White "Jajonek, Roland"]
[Black "Naiditsch, Irina"]
[Result "1-0"]
[WhiteElo "2272"]
[BlackElo "2114"]
[PlyCount "45"]
[EventDate "2003.09.28"]
[EventType "team"]
[EventRounds "9"]
[EventCountry "GER"]
[SourceTitle "CBM 098 Extra"]
[Source "ChessBase"]
[SourceDate "2004.03.10"]
[SourceVersion "2"]
[SourceVersionDate "2004.03.10"]
[SourceQuality "1"]
[WhiteTeam "Duesseldorf"]
[BlackTeam "Brackel"]
[WhiteTeamCountry "GER"]
[BlackTeamCountry "GER"]

1. d4 d5 2. c4 c6 3. Nf3 Nf6 4. Nc3 e6 5. Bg5 h6 6. Bxf6 Qxf6 7. Qb3 Nd7 8. g3 g5 9. 0-0-0 g4 10. Nh4 Qxf2 11. cxd5 exd5 12. e4 Qe3+ 13. Kb1 Nb6 14. exd5 Be7 15. Bg2 cxd5 16. Rhe1 Qg5 17. Re5 Qf6 18. Rde1 Be6 19. Bxd5 Rh7 20. Bxe6 fxe6 21. Rxe6 Qxd4 22. Rxe7+ Rxe7 23. Rxe7+ 1-0

[Event "Oberliga NRW 9798 II"]
[Site "Germany"]
[Date "1998.??.??"]
[Round "9.5"]
[White "Jajonek, Roland"]
[Black "Hunold, Rolf"]
[Result "1/2-1/2"]
[WhiteElo "2275"]
[BlackElo "1868"]
[PlyCount "26"]
[EventDate "1997.10.??"]
[EventType "team"]
[EventRounds "9"]
[EventCountry "GER"]
[SourceTitle "EXT 1999"]
[Source "ChessBase"]
[SourceDate "1998.11.16"]
[SourceVersion "1"]
[SourceVersionDate "1998.11.16"]
[SourceQuality "1"]
[WhiteTeam "Duesseldorf"]
[BlackTeam "Letmathe"]
[WhiteTeamCountry "GER"]
[BlackTeamCountry "GER"]

1. d4 Nf6 2. c4 e6 3. Nc3 Bb4 4. Qc2 d5 5. Nf3 c5 6. a3 Bxc3+ 7. bxc3 Nc6 8. e3 0-0 9. Bd3 dxc4 10. Bxc4 Qc7 11. 0-0 e5 12. dxe5 Nxe5 13. Nxe5 Qxe5 1/2-1/2

[Event "Oberliga NRW 9899 I"]
[Site "Germany"]
[Date "1998.??.??"]
[Round "1.7"]
[White "Jajonek, Roland"]
[Black "Schulte, Norbert"]
[Result "0-1"]
[WhiteElo "2275"]
[BlackElo "2105"]
[PlyCount "126"]
[EventDate "1998.10.10"]
[EventType "team"]
[EventRounds "9"]
[EventCountry "GER"]
[SourceTitle "EXT 2000"]
[Source "ChessBase"]
[SourceDate "1999.11.16"]
[SourceVersion "1"]
[SourceVersionDate "1999.11.16"]
[SourceQuality "1"]
[WhiteTeam "Duesseldorf"]
[BlackTeam "Siegen"]
[WhiteTeamCountry "GER"]
[BlackTeamCountry "GER"]

1. d4 Nf6 2. c4 g6 3. Nc3 Bg7 4. e4 d6 5. f3 0-0 6. Be3 Kh8 7. Bd3 Nc6 8. Nge2 e5 9. d5 Ne7 10. Qd2 Nfg8 11. 0-0-0 f5 12. Kb1 Bd7 13. c5 Nc8 14. Bg5 Qe8 15. Be3 Nf6 16. h3 dxc5 17. Bxc5 Nd6 18. g4 fxe4 19. fxe4 a6 20. Ng3 Ng8 21. g5 h6 22. gxh6 Bxh6 23. Be3 Bxe3 24. Qxe3 Qe7 25. Be2 Rf4 26. Bg4 Raf8 27. Nge2 R4f6 28. Qc5 Be8 29. b3 Rf2 30. Qe3 Qh4 31. Rdg1 b6 32. Nd1 R2f6 33. Ndc3 Rf2 34. Qg3 Qxg3 35. Nxg3 Bb5 36. Be2 Bxe2 37. Ngxe2 Kh7 38. Rg5 Nf7 39. Rg3 Nf6 40. Rhg1 g5 41. R1g2 Rf1+ 42. Kc2 Nh5 43. Rg4 Nf6 44. R4g3 Nh5 45. Re3 Nf4 46. Rh2 Nd6 47. Rg3 Nxe2 48. Rxe2 Kh6 49. Kd2 R8f3 50. Rxf3 Rxf3 51. Re3 Rxe3 52. Kxe3 Kh5 53. Nd1 Kh4 54. Kf3 Kxh3 55. Nf2+ Kh4 56. Ng4 Nxe4 57. Nxe5 Nc3 58. Ng6+ Kh5 59. Ne7 Nxa2 60. Ke4 a5 61. Nc8 Nc3+ 62. Ke5 b5 63. Na7 g4 0-1

[Event "Oberliga NRW 9798 II"]
[Site "Germany"]
[Date "1997.??.??"]
[Round "2.6"]
[White "Peschel, Andreas"]
[Black "Jajonek, Roland"]
[Result "1/2-1/2"]
[WhiteElo "2105"]
[BlackElo "2275"]
[PlyCount "61"]
[EventDate "1997.10.??"]
[EventType "team"]
[EventRounds "9"]
[EventCountry "GER"]
[SourceTitle "EXT 1999"]
[Source "ChessBase"]
[SourceDate "1998.11.16"]
[SourceVersion "1"]
[SourceVersionDate "1998.11.16"]
[SourceQuality "1"]
[WhiteTeam "Koeln Porz III"]
[BlackTeam "Duesseldorf"]
[WhiteTeamCountry "GER"]
[BlackTeamCountry "GER"]

1. c4 Nf6 2. Nc3 g6 3. e4 d6 4. d4 Bg7 5. f4 0-0 6. Nf3 c5 7. d5 e6 8. Be2 exd5 9. cxd5 b5 10. e5 Nfd7 11. e6 Nf6 12. Bxb5 fxe6 13. 0-0 Kh8 14. Bc4 Bb7 15. dxe6 d5 16. Qb3 Bc6 17. Bb5 Qb6 18. Bxc6 Nxc6 19. Na4 Qxb3 20. axb3 Ne4 21. g3 Nd4 22. Nc3 Nxb3 23. Ra3 Nxc3 24. bxc3 c4 25. Bb2 Rfe8 26. Re1 a5 27. g4 Re7 28. Ne5 Rf8 29. Nc6 Rc7 30. e7 Re8 31. Re6 1/2-1/2